Регионална библиотека "Любен Каравелов" - Русе

Крадецът на целувки (Запис номер 346250)

MARC детайли
000 -Лидер
Контролно поле с фиксирана дължина 01421nam a2200361 c 4500
003 - Код на организацията, давaща контролен номер
Контролно поле BLK
005 - Дата и час на последна редакция
Контролно поле 20250730140854.0
008 - Елементи от данни с фиксирана дължина
fixed length control field 180412b bul|||||r ||||||| ||bul||
010 ## - Наследен системен номер
LC control number KNG00005111000
020 ## - Международен стандартен номер на книга ISBN
Международен стандартен номер на книга ISBN 9789542830030
040 ## - Източник на каталожния запис
Идентификатор на билиотеката - собственик на записа BLK
041 ## - Код за език
Код за езика на текст/звукозапис или на отделно заглавие Български
Код за езика КДБФ Български
080 ## - УДК
Текстов определител УДК Американска литература (на САЩ)
УДК код - определител по УДК 821.111(73)
УДК определител -31
УДК - код + определител 821.111(73)-31
100 ## - Редна дума - Автор
Автор Шен, Л. Дж.
R(LIN) 400855
139 ## - Редно поле
Редна дума Шен, Л. Дж.
Авторски знак Шен - Ш 55
245 10 - Сведения за заглавието
Заглавие Крадецът на целувки
Подзаглавни данни Роман
Редно поле (дума) Л.Дж. Шен; прев. от англ. Евелина Пенева.
257 ## - Страна на издаване
Страна на създаване/издаване Съединени американски щати
260 ## - Област на издателските данни
Място на издаване, разпространение и проч. София
Име на издателя, разпространителя и проч. Сиела Норма
Година на издаване 2019
Печатница София : Алианс Принт
9 (RLIN) 217021
Издателство - префикс ISBN 978-954-28-
300 ## - Физическа характеристика
Страници 351 с.
Размери/Мащаб 21 см
380 ## - Жанр
Жанр Худож. лит.
500 ## - Общи забележки
Забележка Ориг. загл. The Kiss Thieff/ L.J. Shen
653 ## - Ключова дума – ненормативна
Ключова дума романтична проза
700 1# - Други автори (авторска отговорност)
Лично име Пенева, Евелина Венциславова
Дати, свързани с автора 1976 -
Друга информация Преводач от английски и френски език. Автор на кратка проза.
9 (RLIN) 108070
852 ## - Местоположение
Фондова буква Заемна - подръчен фонд
Систематично-азбучна сигнатура П 820(73)-31/Ш 55
856 4# - Електронен адрес и достъп
Електронен формат pdf - файл
Път до файла /url/
Инструкция (цена за достъп) 0.00
Права за достъп disable
856 4# - Електронен адрес и достъп
Електронен формат pdf - файл
Път до файла /url/
Инструкция (цена за достъп) 0.00
Права за достъп disable
999 ## - СИСТЕМНИ КОНТРОЛНИ НОМЕРА
Koha biblionumber 346250
Koha biblioitemnumber 346250
942 ## - АРТИКУЛИ
Вид на библиотечния материал Книги
Скрит в OPAC Не
Koha issues (borrowed), all copies 92
Периодичен библиозапис Да
944 ## - СЪЗДАВАНЕ И РЕДАКЦИЯ на ЗАПИСА
Създаване/Редакция Създаване
Дата на регистрацията/редакция 2019-11-07
Статус, дата на статуса Цветелина Шанова
Служител, извършил регистрацията/редакцията 30531
944 ## - СЪЗДАВАНЕ И РЕДАКЦИЯ на ЗАПИСА
Създаване/Редакция Редакция
Дата на регистрацията/редакция 2019-11-07
Статус, дата на статуса 2019-11-07
999 ## - СИСТЕМНИ КОНТРОЛНИ НОМЕРА
Koha biblioitemnumber 346250
999 ## - СИСТЕМНИ КОНТРОЛНИ НОМЕРА
Koha biblioitemnumber 346250
999 ## - СИСТЕМНИ КОНТРОЛНИ НОМЕРА
Koha biblioitemnumber 3989
Наличности
Код за отписване Код за изгубен артикул Източник на класификационната схема Код за повреда Коз за рестрикции Код за отдаване Артикулен № Име на библиотеката - собственик Име на библиотеката, в която се намира в момента Статус (Текущо местоположение) Дата на вписване в системата Местоположение - отдел Цена в лева Систематично азбучна сигнатура Баркод Цена в евро Служебен тип на артикула
  Не е изгубен Universal Decimal Classification Не е повреден без рестрикции заемане за дома 748950 Регионална библиотека "Любен Каравелов" Русе Регионална библиотека "Любен Каравелов" Русе Заемна - подръчен фонд 2019-11-08 Заемна - подръчен фонд 8.95 П 820(73)-31/Ш 55 120000837746 4.58 Книги
  Не е изгубен Universal Decimal Classification Не е повреден без рестрикции заемане за дома 748951 Регионална библиотека "Любен Каравелов" Русе Регионална библиотека "Любен Каравелов" Русе Заемна - подръчен фонд 2019-11-08 Заемна - подръчен фонд 8.95 П 820(73)-31/Ш 55 120000837745 4.58 Книги
  Не е изгубен Universal Decimal Classification Не е повреден без рестрикции заемане за дома 748952 Регионална библиотека "Любен Каравелов" Русе Регионална библиотека "Любен Каравелов" Русе Заемна - подръчен фонд 2019-11-08 Заемна - подръчен фонд 8.95 П 820(73)-31/Ш 55 120000837744 4.58 Книги
  Не е изгубен Universal Decimal Classification Не е повреден само за читалня ползва се в читалня 798754 Регионална библиотека "Любен Каравелов" Русе Регионална библиотека "Любен Каравелов" Русе Хранилище 2020-09-14 Хранилище 17.90 Цб 303557 120000846089 9.15 Книги
Vip Innovations Ltd, Rousse, Bulgaria 2025